000 00255nam a22001217a 4500
008 180803b xxu||||| |||| 00| 0 eng d
082 _a813.52
245 _aAlgebra
_cMcGinnis
260 _c2006
300 _a1
440 _x0321506022
942 _2ddc
_cMX
999 _c46762
_d46762